UBT Library

The White House, (Record no. 41593)

000 -LEADER
fixed length control field 00650cam a22002411 4500
001 - CONTROL NUMBER
control field 3136406
005 - DATE AND TIME OF LATEST TRANSACTION
control field 20180202042313.0
008 - FIXED-LENGTH DATA ELEMENTS--GENERAL INFORMATION
fixed length control field 740718s1972 nyua b 000 0ceng
010 ## - LIBRARY OF CONGRESS CONTROL NUMBER
LC control number 72178706
020 ## - INTERNATIONAL STANDARD BOOK NUMBER
International Standard Book Number 0882250205
020 ## - INTERNATIONAL STANDARD BOOK NUMBER
International Standard Book Number 0882250213 (deluxe ed.)
040 ## - CATALOGING SOURCE
Original cataloging agency DLC
Transcribing agency DLC
Modifying agency DLC
041 ## - LANGUAGE CODE
Language code of text/sound track or separate title eng
043 ## - GEOGRAPHIC AREA CODE
Geographic area code n-us---
-- n-us-dc
080 ## - UNIVERSAL DECIMAL CLASSIFICATION NUMBER
Universal Decimal Classification number 917.53 LEI
082 00 - DEWEY DECIMAL CLASSIFICATION NUMBER
Classification number 917.53 LEI
100 1# - Rafti
Rafti 16
101 ## - Shkurtesa
Shkurtesa HIS
245 14 - TITLE STATEMENT
Title The White House,
Statement of responsibility, etc by Kenneth W. Leish and the editors of the Newsweek Book Division.
504 ## - BIBLIOGRAPHY, ETC. NOTE
Bibliography, etc Bibliography: p. [171]
906 ## - LOCAL DATA ELEMENT F, LDF (RLIN)
a 7
b cbc
c orignew
d u
e ncip
f 19
g y-gencatlg
942 ## - ADDED ENTRY ELEMENTS (KOHA)
Source of classification or shelving scheme
Item type Books
Holdings
Withdrawn status Lost status Source of classification or shelving scheme Damaged status Not for loan Collection code Permanent location Current location Shelving location Date acquired Total Checkouts Full call number Barcode Date last seen Price effective from Koha item type
          Koleksioni i përgjithshem UBT - Lipjan UBT - Lipjan Koleksioni i përgjithshem 02/02/2018   917.53 LEI 002-2997464 02/02/2018 02/02/2018 Books
UBT Library © 2015-2024. All rights reserved University Education for Business and Technology